000 00921nam a2200289 i 4500
003 DO-SdBPM
005 20260417112342.0
007 ta
008 250520b1988 xx ||| 00| 0 spa d
020 _a0679756779
040 _aDO-SdBPM
_bspa
_cBPMSU
_erda
_d
041 _aspa
082 4 _a928.6
_bS235c 1988
_222
100 1 _a Santiago, Esmeralda,
_d1948-
_eautora
_4aut.
245 1 3 _aCuando era puertorriqueña /
_cEsmeralda Santiago.
264 4 _bVintage Books,
_aNew York :
_c1988
_b
300 _a296 páginas ;
_c23 cm.
_b
336 _atexto
_btxt
_2rdacontent
337 _asin mediación
_bn
_2rdamedia
338 _avolumen
_bnc
_2rdacarrier
590 _aInventariado, 2026/VM
600 1 7 _aSantiago, Esmeralda,
_d1948-
_x
650 7 _aAutoras puertorriqueñas
_x
650 7 _aPuertoriqueños en Nueva York
_xRelatos personales
910 _aVMateo V. Control de calidad. BPMSU
942 _2ddc
_cBK
999 _c15780
_d15780